Smart rozvoj a trend „n-tiple helix-es“

Trend tzv. n-tuple helix-es, čiže trend narastajúcej spolupráce rôznorodých subjektov naprieč sektormi. Vzťah konceptu „smart“ a trendu „n-tuple helix-es“. Projekt Pomoravie. Faktory (ne)implementácie projektu Pomoravie.

Gespeichert in:
Bibliographische Detailangaben
1. Verfasser: Dobrucká, Lucia
Format: Buchkapitel
Sprache:Slowakisch
Schlagworte:
Tags: Tag hinzufügen
Keine Tags, Fügen Sie das erste Tag hinzu!

MARC

LEADER 00000nla a2200000 4500
001 0246199
005 20240417075141.6
041 0 |a slo 
044 |a CZ 
245 1 0 |a Smart rozvoj a trend „n-tiple helix-es“  |c Lucia Dobrucká 
520 |a Trend tzv. n-tuple helix-es, čiže trend narastajúcej spolupráce rôznorodých subjektov naprieč sektormi. Vzťah konceptu „smart“ a trendu „n-tuple helix-es“. Projekt Pomoravie. Faktory (ne)implementácie projektu Pomoravie. 
610 2 0 |a mestá inteligentné 
610 2 0 |a regióny 
610 2 0 |a kooperácia 
610 2 0 |a technológie informačné 
610 2 0 |a technológie komunikačné 
610 2 0 |a politika regionálna 
610 2 0 |a štúdie prípadové 
100 1 |a Dobrucká, Lucia